Ley orgánica del Consejo de Estabilización de Precios

Guardat en:
Dades bibliogràfiques
Autor corporatiu: Costa Rica. Asamblea Legislativa
Format: Text
Publicat: San José :
Etiquetes: Afegir etiqueta
Sense etiquetes, Sigues el primer a etiquetar aquest registre!

MARC

LEADER 00000 a a2200000 04500
001 15723
003
040
090 |a 014200  
110 |a Costa Rica. Asamblea Legislativa  
245 |a Ley orgánica del Consejo de Estabilización de Precios  
260 |a San José :  
300 |a 22 p  
500 |a Proyecto de ley  
999 |c 16098  |d 16098